Mega Word Ladder: Tarantino Quiz Stats

 Plays Quiz Updated Feb 18, 2020

Support Sporcle.
Go Orange.
Score 0/49 Timer 04:00
0 Plays Today
Clue 4-Letter Word % Correct
'___ Stop Believin' by JourneyDON'T
96.7%
▼ Directed 'Reservoir ___' ▼▼DOGS
95.8%
12 inchesFOOT
95.1%
Helvetica or Times New Roman, e.g.FONT
92.9%
Having no costFREE
92.5%
CompletedDONE
92.3%
Steel-toed shoeBOOT
91.7%
A seafaring vesselBOAT
91.7%
Ends of legsFEET
91.4%
Inventor of the telephoneBELL
89.6%
PlummetedFELL
88.1%
WorryFRET
88%
An impudent childBRAT
88%
BoastBRAG
87.5%
Covering for a pool tableFELT
87.1%
▼ Directed '___ Fiction' ▼▼PULP
87%
Take with your handGRAB
86.1%
'Friend' played by SchwimmerROSS
85.8%
RuPaul's '___ Race'DRAG
85.3%
Slang, for foodGRUB
85.3%
Elm or elder, e.g.TREE
84.8%
Throw a baseball lightlyTOSS
84.8%
Old Venetian leaderDOGE
82.1%
Having a boring colorDRAB
82%
Turn water to steamBOIL
81.9%
Clue 4-Letter Word % Correct
▼ Directed '___ ___: Vol. 1 ▼▼KILL
81.1%
▼ Directed '___ ___: Vol. 2 ▼▼BILL
80.6%
A Scottish skirtKILT
80%
Yank toward oneselfPULL
78.7%
▼ Wrote '___ Romance' ▼▼TRUE
78.6%
___ HashanahROSH
77.8%
Travel to concerts, as a bandTOUR
77.5%
A pod of cottonBOLL
75.8%
▼ Co-directed '___ Rooms' ▼▼FOUR
75.7%
Having no facial colorPALE
74.6%
A fencing weaponFOIL
73.8%
Off to the side, like a baseballFOUL
73.7%
All, in French (plural)TOUS
72.5%
Cause pain toHURT
72.2%
▼ His go-to actor Tim or Eli ▼▼ROTH
72.1%
Monster in 'Zork'GRUE
68.8%
The holding end of a swordHILT
67.7%
Throw a baseball with forceHURL
67.3%
Flesh of fingertipPALP
65.1%
A type of knitting stitchPURL
64.5%
A finely chopped meat spreadPATÉ
62.8%
Jazz trumpeter Al of 'Java'HIRT
59.8%
Mechanical memorizationROTE
57.7%
Give 5 Sporcle globes toRATE
55.3%

You're not logged in!

Compare scores with friends on all Sporcle quizzes.
OR
Log In

From the Vault

Harry Potter: The First 10 Characters

by paranoid_android

Harry Potter better be one of the first ten characters mentioned, otherwise we don't know what he's doing as the title character.
Remove Ads.
Support Sporcle.
Get the best of Sporcle when you Go Orange. This ad-free experience offers more features, more stats, and more fun while also helping to support Sporcle. Thank you for becoming a member.

Show Comments

Extras

Top Quizzes Today


Score Distribution

Your Account Isn't Verified!

In order to create a playlist on Sporcle, you need to verify the email address you used during registration. Go to your Sporcle Settings to finish the process.

Report this User

Report this user for behavior that violates our Community Guidelines.

Details: